header

From topic to tale (Record no. 94977)

MARC details
000 -LEADER
fixed length control field 01569nam a2200385Ia 4500
100 1# - MAIN ENTRY--AUTHOR NAME
Personal name Vance, Eugene.
245 10 - TITLE STATEMENT
Title From topic to tale
260 ## - PUBLICATION, DISTRIBUTION, ETC. (IMPRINT)
Place of publication Minneapolis :
Name of publisher University of Minnesota Press,
Year of publication c1987.
300 ## - PHYSICAL DESCRIPTION
Number of Pages xxxiii, 131 p.
490 1# - SERIES STATEMENT
Series statement Theory and history of literature ;
650 #0 - SUBJECT ADDED ENTRY--TOPICAL TERM
Topical Term Arthurian romances
Topical Term Knights and knighthood in literature.
Topical Term Logic, Medieval.
Topical Term Narration (Rhetoric)
Topical Term Rhetoric, Medieval.
856 40 - ELECTRONIC LOCATION AND ACCESS
Uniform Resource Identifier http://site.ebrary.com/lib/rucke/Doc?id=10151038

No items available.

© 2026 Rongo University
Contact us: librarian | system librarian | Rongo university